| 000 | 00505nam a2200181Ia 4500 | ||
|---|---|---|---|
| 008 | 090123s9999 xx 000 0 und d | ||
| 082 |
_b5049 _a891.463/देसाई |
||
| 100 | _aदेसाई रणजित | ||
| 245 | _aबारी | ||
| 250 | _a2 | ||
| 260 |
_bविश्वकर्मा मु. _c1978 |
||
| 300 | _a241 | ||
| 600 | _aदेसाई रणजित | ||
| 630 | _aबारी | ||
| 700 | _aदेसाई रणजित | ||
| 730 | _aबारी | ||
| 942 | _cBOOK | ||
| 999 |
_c43124 _d43124 |
||